Human rights report 2005 : civil and political rights.
| Corporate Author: | Suara Rakyat Malaysia |
|---|---|
| Published: |
Petaling Jaya, Selangor:
SUARAM Kommunikasi,
2006.
|
| Subjects: |
| LEADER | 00568cam a2200169 7i4500 | ||
|---|---|---|---|
| 001 | 0000052474 | ||
| 005 | 20190430090000.0 | ||
| 020 | |a 9789834136758 (pbk.) | ||
| 020 | |a 9834136757 (pbk.) | ||
| 090 | 0 | 0 | |a JC599.M2 |b H26 2006 |
| 245 | 0 | 0 | |a Human rights report 2005 : |b civil and political rights. |
| 260 | |a Petaling Jaya, Selangor: |b SUARAM Kommunikasi, |c 2006. | ||
| 300 | |a 153 p.: |b ill.; |c 26 cm. | ||
| 650 | 0 | 0 | |a Human rights -- |z Malaysia |
| 650 | 0 | 0 | |a Civil rights -- |z Malaysia |
| 710 | 0 | 0 | |a Suara Rakyat Malaysia |
| 999 | |a 0000064820 |b BOK |c OPEN SHELF |e 1st Floor, Bestari Jaya | ||


